| 000 | 00000nam##2200000za#4500 |
| 001 | 9.575795 |
| 003 | CaOODSP |
| 005 | 20210624184831 |
| 007 | cr ||||||||||| |
| 008 | 150406|2004||||xxc|||||o f|0| 0 eng|d |
| 040 | |aCaOODSP|beng |
| 043 | |an-cn--- |
| 086 | 1 |aTU3-6/04-161E-PDF |
| 110 | 2 |aTransportation Safety Board of Canada. |
| 245 | 10|aDerailment - Canadian National Freight Train Q-111-31-25 Mile 184.4, Bala Subdivision Burton, Ontario, 25 July 2004 |h[electronic resource] |
| 260 | |aOttawa - Ontario : |bTransportation Safety Board of Canada |c[2004]. |
| 300 | |a28p.|bfigs. (some coloured), tables |
| 490 | 1 |aRailway investigation report |vR04T0161 |
| 590 | |a13-08-Supp|b2013-04-02 |
| 775 | 08|tDéraillement - Canadien National Train de marchandises no Q-111-31-25 Point milliaire 184,4 de la subdivision Bala Burton (Ontario), le 25 juillet 2004 |w(CaOODSP)9.605218 |
| 830 | #0|aRailway investigation report ;|vR04T0161|w(CaOODSP)9.504849 |
| 856 | 40|ahttp://publications.gc.ca|qPDF|s467 KB|uhttps://publications.gc.ca/collections/collection_2013/bst-tsb/TU3-6-04-161-eng.pdf|yR04T0161 |